<?xml version="1.0" encoding="UTF-8"?><?xml-stylesheet type="text/xsl" href="static/style.xsl"?><OAI-PMH xmlns="http://www.openarchives.org/OAI/2.0/" xmlns:xsi="http://www.w3.org/2001/XMLSchema-instance" xsi:schemaLocation="http://www.openarchives.org/OAI/2.0/ http://www.openarchives.org/OAI/2.0/OAI-PMH.xsd"><responseDate>2026-06-07T16:21:35Z</responseDate><request verb="GetRecord" identifier="oai:docta.ucm.es:20.500.14352/124817" metadataPrefix="marc">https://docta.ucm.es/rest/oai/request</request><GetRecord><record><header><identifier>oai:docta.ucm.es:20.500.14352/124817</identifier><datestamp>2025-10-10T23:48:25Z</datestamp><setSpec>com_20.500.14352_14</setSpec><setSpec>col_20.500.14352_15</setSpec></header><metadata><record xmlns="http://www.loc.gov/MARC21/slim" xmlns:dcterms="http://purl.org/dc/terms/" xmlns:xsi="http://www.w3.org/2001/XMLSchema-instance" xmlns:doc="http://www.lyncode.com/xoai" xsi:schemaLocation="http://www.loc.gov/MARC21/slim http://www.loc.gov/standards/marcxml/schema/MARC21slim.xsd">
   <leader>00925njm 22002777a 4500</leader>
   <datafield ind2=" " ind1=" " tag="042">
      <subfield code="a">dc</subfield>
   </datafield>
   <datafield ind2=" " ind1=" " tag="720">
      <subfield code="a">Abellanas-Pérez, Pedro</subfield>
      <subfield code="e">author</subfield>
   </datafield>
   <datafield ind2=" " ind1=" " tag="720">
      <subfield code="a">Andrades, Diandra de</subfield>
      <subfield code="e">author</subfield>
   </datafield>
   <datafield ind2=" " ind1=" " tag="720">
      <subfield code="a">Alcántara León, Andrés Rafael</subfield>
      <subfield code="e">author</subfield>
   </datafield>
   <datafield ind2=" " ind1=" " tag="720">
      <subfield code="a">López-Gallego, Fernando</subfield>
      <subfield code="e">author</subfield>
   </datafield>
   <datafield ind2=" " ind1=" " tag="720">
      <subfield code="a">Rocha Martín, Javier</subfield>
      <subfield code="e">author</subfield>
   </datafield>
   <datafield ind2=" " ind1=" " tag="720">
      <subfield code="a">Polizeli, Maria de Lourdes Teixeira de Moraes</subfield>
      <subfield code="e">author</subfield>
   </datafield>
   <datafield ind2=" " ind1=" " tag="720">
      <subfield code="a">Fernández-Lafuente, Roberto</subfield>
      <subfield code="e">author</subfield>
   </datafield>
   <datafield ind2=" " ind1=" " tag="260">
      <subfield code="c">2025-08-13</subfield>
   </datafield>
   <datafield ind2=" " ind1=" " tag="520">
      <subfield code="a">In order to determine possible co-interactions between enzyme-support effects, and the influence of enzyme-enzyme interactions on their effects on the final enzyme properties, lipase B from Candida antarctica was immobilized on different supports, initially immobilized via interfacial activation, at low and saturating enzyme loadings. The used supports were octyl, amino-hexyl-, and the heterofunctional ones obtained by modification with divinyl sulfone, (blocking agents used were ethylenediamine or Gly). The different biocatalysts activities were analyzed using p-nitro phenyl butyrate, triacetin and R and S methyl mandelate. The comparison of the biocatalyst as a function of the activity depended on the utilized substrate. In some instances, the effects of the enzyme-enzyme interactions were reflected by the increase in specific enzyme activity (even by a factor over 3). Regarding the stability, the support and the enzyme loading defined this, and all changed when comparing the stabilities of the biocatalysts in phosphate or Tris, where depending on the enzyme loading the most stable biocatalysts could be either one or the other. Fluorescence studies suggested (mainly intensity at the maximal emission wavelength) that the enzymes present different conformations and that the inactivation on Tris and phosphate follows different pathways, and this also depended on enzyme loading.</subfield>
   </datafield>
   <datafield ind1="8" ind2=" " tag="024">
      <subfield code="a">Abellanas-Perez, P., de Andrades, D., Alcantara, A. R., Lopez-Gallego, F., Rocha-Martin, J., de Moraes Polizeli, M. L. T., &amp; Fernandez-Lafuente, R. (2025). Multiple co-interactions of different parameters on the functional properties of immobilized lipases. International Journal of Biological Macromolecules, 322, 146777. https://doi.org/10.1016/j.ijbiomac.2025.146777</subfield>
   </datafield>
   <datafield ind1="8" ind2=" " tag="024">
      <subfield code="a">0141-8130</subfield>
   </datafield>
   <datafield ind1="8" ind2=" " tag="024">
      <subfield code="a">10.1016/j.ijbiomac.2025.146777</subfield>
   </datafield>
   <datafield ind1="8" ind2=" " tag="024">
      <subfield code="a">https://hdl.handle.net/20.500.14352/124817</subfield>
   </datafield>
   <datafield ind1="8" ind2=" " tag="024">
      <subfield code="a">1879-0003</subfield>
   </datafield>
   <datafield ind1="8" ind2=" " tag="024">
      <subfield code="a">https://doi.org/10.1016/j.ijbiomac.2025.146777</subfield>
   </datafield>
   <datafield ind2="0" ind1="0" tag="245">
      <subfield code="a">Multiple co-interactions of different parameters on the functional properties of immobilized lipases</subfield>
   </datafield>
</record></metadata></record></GetRecord></OAI-PMH>